[Event "GRE-chT Online Rapid op 1st"]
[Site "Tornelo INT"]
[Date "2021.02.21"]
[Round "7.9"]
[White "Bellos, Vasilios"]
[Black "Stoikos, Grigorios"]
[Result "1-0"]
[WhiteElo "1617"]
[BlackElo "1163"]
[PlyCount "145"]
[EventDate "2021.02.20"]
[EventType "team-swiss (rapid)"]
[EventRounds "9"]
[EventCountry "GRE"]
[SourceTitle "EXT 2023"]
[Source "ChessBase"]
[SourceDate "2022.10.05"]
[SourceVersion "1"]
[SourceVersionDate "2022.10.05"]
[SourceQuality "1"]

1. e4 c5 2. Nf3 d6 3. Bb5+ Nd7 4. 0-0 a6 5. Bxd7+ Bxd7 6. d4 cxd4 7. Qxd4 Nf6 8. e5 dxe5 9. Nxe5 e6 10. c4 Rc8 11. Nxd7 Qxd7 12. Qxd7+ Nxd7 13. b3 Bc5 14. Bb2 0-0 15. Nd2 e5 16. Ne4 Bb4 17. Rfd1 Rcd8 18. Rd5 f6 19. Rad1 Rf7 20. a3 Bf8 21. b4 Re7 22. c5 Kf7 23. Nd6+ Ke6 24. Nxb7 Rb8 25. Rd6+ Kf5 26. Rxd7 Re6 27. c6 Rxc6 28. h3 h5 29. g3 g5 30. Nd6+ Bxd6 31. R7xd6 Rxd6 32. Rxd6 a5 33. Bc3 axb4 34. Bxb4 Ra8 35. Kg2 g4 36. hxg4+ hxg4 37. Rc6 Kg5 38. Be7 Ra7 39. Bxf6+ Kf5 40. Bh8 Rxa3 41. Rf6+ Ke4 42. Re6 Ra5 43. Rc6 Rd5 44. Rc4+ Kf5 45. Kf1 e4 46. Rd4 Rb5 47. Ke2 Rb2+ 48. Rd2 Rb5 49. Rc2 Ra5 50. Ke3 Ra3+ 51. Rc3 Ra1 52. Rc5+ Ke6 53. Bd4 Re1+ 54. Kf4 Rd1 55. Kxe4 Re1+ 56. Be3 Ra1 57. Rc6+ Kd7 58. Rb6 Ra4+ 59. Kf5 Rc4 60. Rg6 Ra4 61. Rxg4 Ra5+ 62. Kg6 Ra6+ 63. Kh7 Re6 64. Rf4 Re7+ 65. Kg8 Re8+ 66. Rf8 Re6 67. Kg7 Re7+ 68. Rf7 Ke6 69. Rxe7+ Kxe7 70. g4 Ke6 71. g5 Ke7 72. g6 Ke8 73. Bc5 1-0

[Event "Nikaia Fysiolatriko op B"]
[Site "Nikaia"]
[Date "2015.06.21"]
[Round "6"]
[White "Manolopoulou, Vasiliki"]
[Black "Bellos, Vasilios"]
[Result "1/2-1/2"]
[WhiteElo "1415"]
[BlackElo "1490"]
[PlyCount "99"]
[EventDate "2015.06.16"]
[EventType "swiss"]
[EventRounds "9"]
[EventCountry "GRE"]
[SourceTitle "EXT 2024"]
[Source "ChessBase"]
[SourceDate "2023.10.10"]
[SourceVersion "1"]
[SourceVersionDate "2023.10.10"]
[SourceQuality "1"]

1. Nf3 Nf6 2. c4 e6 3. g3 a6 4. Bg2 b5 5. b3 Bb7 6. 0-0 c5 7. Bb2 Be7 8. e3 Qb6 9. Qc2 Nc6 10. a3 d6 11. d3 0-0 12. Nbd2 Rac8 13. Rab1 Nb8 14. Rfc1 Nbd7 15. Qd1 Rfe8 16. Nh4 Bxg2 17. Nxg2 Qb7 18. Qf3 Rc7 19. Qxb7 Rxb7 20. Nf4 Reb8 21. Ba1 Bd8 22. Bc3 Ne5 23. d4 cxd4 24. exd4 Ned7 25. Kg2 Bb6 26. f3 Rc8 27. Kf1 Rbc7 28. Rb2 Nb8 29. Rbc2 Nc6 30. Ne2 e5 31. d5 Nb8 32. Bb4 Bc5 33. Bxc5 Rxc5 34. Ne4 Nxe4 35. fxe4 Nd7 36. Rc3 bxc4 37. Rxc4 Rxc4 38. Rxc4 Rxc4 39. bxc4 Nb6 40. c5 dxc5 41. Nc3 Kf8 42. Ke2 Ke7 43. Kd3 Kd6 44. g4 f6 45. h3 c4+ 46. Ke2 g5 47. Kd2 Nd7 48. Na4 Nc5 49. Nxc5 Kxc5 50. Kc3 1/2-1/2

[Event "Petroupoli-ch"]
[Site "Petropouli"]
[Date "2014.03.01"]
[Round "6"]
[White "Bellos, Vasilios"]
[Black "Abelakiotis, Stavros"]
[Result "1/2-1/2"]
[WhiteElo "1505"]
[BlackElo "1518"]
[PlyCount "53"]
[EventDate "2014.01.25"]
[EventType "swiss"]
[EventRounds "7"]
[EventCountry "GRE"]
[SourceTitle "EXT 2015"]
[Source "ChessBase"]
[SourceDate "2014.11.20"]
[SourceVersion "1"]
[SourceVersionDate "2014.11.20"]
[SourceQuality "1"]

1. e4 c5 2. Nf3 e6 3. g3 d5 4. exd5 exd5 5. d4 Bg4 6. Bg2 Nf6 7. 0-0 cxd4 8. Qxd4 Nc6 9. Qa4 Qd7 10. Be3 Be7 11. Nbd2 0-0 12. Nb3 Rab8 13. Nbd4 Bxf3 14. Bxf3 Nxd4 15. Qxd4 Qf5 16. Qd1 Rbc8 17. c3 b6 18. Bd4 Bc5 19. Bxf6 Qxf6 20. Bxd5 Rfd8 21. Qf3 Qxf3 22. Bxf3 Rd2 23. Rab1 Rcd8 24. b4 Be7 25. a4 R2d3 26. Be2 Rxc3 27. a5 1/2-1/2

[Event "Petroupoli-ch"]
[Site "Petropouli"]
[Date "2014.02.08"]
[Round "3"]
[White "Bellos, Vasilios"]
[Black "Salahidou, Reveka"]
[Result "0-1"]
[WhiteElo "1505"]
[BlackElo "1693"]
[PlyCount "30"]
[EventDate "2014.01.25"]
[EventType "swiss"]
[EventRounds "7"]
[EventCountry "GRE"]
[SourceTitle "EXT 2015"]
[Source "ChessBase"]
[SourceDate "2014.11.20"]
[SourceVersion "1"]
[SourceVersionDate "2014.11.20"]
[SourceQuality "1"]

1. e4 c5 2. Nc3 e6 3. f4 a6 4. a4 b6 5. Nf3 Bb7 6. Bc4 Ne7 7. 0-0 d5 8. exd5 exd5 9. Ba2 g6 10. Re1 d4 11. Ne4 Bg7 12. Neg5 0-0 13. Rxe7 Qxe7 14. Nxf7 Bxf3 15. Qxf3 Qe1+ 0-1

[Event "Petroupoli ASOP Dias Seniors op"]
[Site "Petroupoli"]
[Date "2013.04.27"]
[Round "5.6"]
[White "Spanos, Haralabos"]
[Black "Bellos, Vasilios"]
[Result "1-0"]
[WhiteElo "1386"]
[BlackElo "1539"]
[PlyCount "51"]
[EventDate "2013.03.30"]
[EventType "swiss"]
[EventRounds "7"]
[EventCountry "GRE"]
[SourceTitle "EXT 2024"]
[Source "ChessBase"]
[SourceDate "2023.10.10"]
[SourceVersion "1"]
[SourceVersionDate "2023.10.10"]
[SourceQuality "1"]

1. d4 d5 2. c4 e5 3. dxe5 d4 4. Nf3 Nc6 5. Bf4 Bg4 6. Nbd2 Bc5 7. Nb3 Bb4+ 8. Bd2 Bxd2+ 9. Qxd2 Bxf3 10. exf3 Qe7 11. f4 0-0-0 12. 0-0-0 Nh6 13. g3 f6 14. exf6 Qxf6 15. Na5 Nf5 16. Nxc6 Qxc6 17. Bd3 Nd6 18. b3 Nb5 19. Qa5 Nc3 20. Qxa7 g6 21. Rde1 Qf3 22. Bc2 Ne2+ 23. Kb1 d3 24. Bd1 d2 25. Rxe2 Qd3+ 26. Kb2 1-0

[Event "Petroupoli op 10th"]
[Site "Petroupoli"]
[Date "2012.10.20"]
[Round "5"]
[White "Bellos, Vasilios"]
[Black "Grigoriadis, Mihail"]
[Result "1/2-1/2"]
[WhiteElo "1512"]
[BlackElo "1914"]
[PlyCount "120"]
[EventDate "2012.10.06"]
[EventType "swiss"]
[EventRounds "7"]
[EventCountry "GRE"]
[SourceTitle "EXT 2013"]
[Source "ChessBase"]
[SourceDate "2012.11.22"]
[SourceVersion "1"]
[SourceVersionDate "2012.11.22"]
[SourceQuality "1"]

1. e4 c5 2. Nf3 d6 3. d4 cxd4 4. Nxd4 Nf6 5. Nc3 a6 6. Bg5 Nbd7 7. f4 Qc7 8. Qf3 h6 9. Bh4 g5 10. fxg5 hxg5 11. Bxg5 Qc5 12. Nf5 Ne5 13. Qe3 Qxe3+ 14. Nxe3 Nfg4 15. Nxg4 Bxg4 16. Nd5 Rc8 17. Ne3 Bg7 18. Be2 Bxe2 19. Kxe2 Ng6 20. c3 Be5 21. Ng4 Bf4 22. Bxf4 Nxf4+ 23. Kf3 Nd3 24. Rab1 Rc5 25. Rhd1 Ne5+ 26. Nxe5 Rxe5 27. h3 Rh4 28. Rd4 f5 29. exf5 Rxf5+ 30. Kg3 Rxd4 31. cxd4 Ra5 32. a3 Rd5 33. Rd1 e5 34. Kf3 exd4 35. Ke4 Re5+ 36. Kxd4 Re2 37. Kc3 Rxg2 38. Rxd6 Rh2 39. Rd3 Ke7 40. b3 Rh1 41. Kc4 b6 42. a4 Rc1+ 43. Rc3 Re1 44. Kb4 Kd7 45. h4 Re5 46. Rh3 Rh5 47. Kc4 Kc6 48. b4 b5+ 49. axb5+ axb5+ 50. Kd4 Kd6 51. Ke4 Ke6 52. Kf4 Kf6 53. Kg4 Rd5 54. Rf3+ Kg6 55. Rf4 Re5 56. Kf3 Rh5 57. Kg3 Rd5 58. Rg4+ Kf6 59. Rg5 Rd3+ 60. Kf2 Rd4 1/2-1/2

[Event "Petroupoli op 4th"]
[Site "Petroupoli"]
[Date "2012.05.19"]
[Round "7"]
[White "Fanos, Haralambos"]
[Black "Bellos, Vasilios"]
[Result "0-1"]
[WhiteElo "1304"]
[BlackElo "1491"]
[PlyCount "74"]
[EventDate "2012.04.28"]
[EventType "swiss"]
[EventRounds "7"]
[EventCountry "GRE"]
[SourceTitle "CBM 148 Extra"]
[Source "ChessBase"]
[SourceDate "2012.06.22"]
[SourceVersion "1"]
[SourceVersionDate "2012.06.22"]
[SourceQuality "1"]

1. e4 c5 2. Nf3 d6 3. d4 cxd4 4. Nxd4 Nf6 5. Nc3 g6 6. f3 Bg7 7. Be3 Nc6 8. Qd2 0-0 9. 0-0-0 Re8 10. g4 a6 11. Nb3 Be6 12. h4 Rc8 13. h5 Ne5 14. hxg6 fxg6 15. Bf4 Nxf3 16. Qg2 Bxg4 17. Be2 Ne5 18. Bxe5 Bxe2 19. Qxe2 Qc7 20. Bxf6 exf6 21. Qh2 Bh8 22. Nd5 Qf7 23. Rdf1 Rxe4 24. Qxd6 f5 25. Rh3 Be5 26. Qe7 Bxb2+ 27. Kxb2 Rxe7 28. Nxe7+ Qxe7 29. Rff3 Qe5+ 30. Rc3 Rxc3 31. Rxc3 h5 32. Nd2 g5 33. Nf3 Qf6 34. Kb3 g4 35. Rc8+ Kg7 36. Rc7+ Kg6 37. Ng1 Qd6 0-1

[Event "Petroupoli op 4th"]
[Site "Petroupoli"]
[Date "2012.05.12"]
[Round "5"]
[White "Grigoriadis, Mihail"]
[Black "Bellos, Vasilios"]
[Result "1-0"]
[WhiteElo "1808"]
[BlackElo "1491"]
[PlyCount "71"]
[EventDate "2012.04.28"]
[EventType "swiss"]
[EventRounds "7"]
[EventCountry "GRE"]
[SourceTitle "CBM 148 Extra"]
[Source "ChessBase"]
[SourceDate "2012.06.22"]
[SourceVersion "1"]
[SourceVersionDate "2012.06.22"]
[SourceQuality "1"]

1. e4 c5 2. Nf3 d6 3. d4 cxd4 4. Nxd4 Nf6 5. Nc3 g6 6. f3 Bg7 7. Be3 0-0 8. g4 Be6 9. Qd2 Nc6 10. 0-0-0 Nxd4 11. Bxd4 Rc8 12. Kb1 Qa5 13. Nd5 Qd8 14. Nxf6+ exf6 15. Bc3 Qb6 16. Bd4 Qc6 17. Bd3 Qa4 18. c4 Bxc4 19. Bxc4 Qxc4 20. Bc3 Rc6 21. Rc1 Rfc8 22. h4 Qb5 23. h5 Qg5 24. hxg6 fxg6 25. f4 Qxg4 26. Qd5+ Kf8 27. Rxh7 Qxf4 28. Rch1 Re8 29. R7h4 Qg5 30. Qb3 Rb6 31. Qc4 Qc5 32. Qd3 Rc8 33. Bd4 Qb5 34. Qh3 Qc4 35. Rh8+ Ke7 36. Rxc8 1-0

[Event "Petroupoli op 3rd"]
[Site "Petroupoli"]
[Date "2012.03.10"]
[Round "1"]
[White "Azis Azizis, Ektoras"]
[Black "Bellos, Vasilios"]
[Result "1-0"]
[WhiteElo "2286"]
[BlackElo "1491"]
[PlyCount "55"]
[EventDate "2012.03.10"]
[EventType "swiss"]
[EventRounds "7"]
[EventCountry "GRE"]
[SourceTitle "CBM 147 Extra"]
[Source "ChessBase"]
[SourceDate "2012.04.24"]
[SourceVersion "1"]
[SourceVersionDate "2012.04.24"]
[SourceQuality "1"]

1. c4 e5 2. Nc3 Nc6 3. a3 a5 4. e3 Bc5 5. Nf3 f5 6. b4 Ba7 7. b5 e4 8. bxc6 exf3 9. cxd7+ Bxd7 10. Qxf3 c6 11. Rb1 Qc7 12. Qh5+ g6 13. Qh4 Bc5 14. Na4 Be7 15. Qd4 Nf6 16. c5 Be6 17. Qb2 Rb8 18. d4 0-0 19. Nb6 Ne4 20. Bc4 Bxc4 21. Nxc4 Bh4 22. 0-0 Bf6 23. Qb3 Kh8 24. f3 Ng5 25. Bb2 Qg7 26. Rfd1 Ne6 27. Nd6 f4 28. Qxe6 1-0

[Event "Petroupoli op"]
[Site "Petroupoli"]
[Date "2012.01.14"]
[Round "1"]
[White "Korlotsidis, Spiridon"]
[Black "Bellos, Vasilios"]
[Result "1-0"]
[WhiteElo "2051"]
[BlackElo "1499"]
[PlyCount "53"]
[EventDate "2012.01.14"]
[EventType "swiss"]
[EventRounds "7"]
[EventCountry "GRE"]
[SourceTitle "EXT 2013"]
[Source "ChessBase"]
[SourceDate "2012.11.22"]
[SourceVersion "1"]
[SourceVersionDate "2012.11.22"]
[SourceQuality "1"]

1. e4 c5 2. Nf3 d6 3. d4 cxd4 4. Nxd4 Nc6 5. Nc3 Nf6 6. Bg5 e6 7. f4 Be7 8. Qd2 a6 9. 0-0-0 0-0 10. Be2 Qc7 11. Kb1 Bd7 12. g4 Rfe8 13. f5 Ne5 14. Bxf6 Bxf6 15. g5 Be7 16. h4 Rac8 17. h5 exf5 18. exf5 Nc4 19. Bxc4 Qxc4 20. f6 Bf8 21. g6 h6 22. Rhg1 Kh8 23. Qg2 Rc5 24. Ne4 Rce5 25. fxg7+ Bxg7 26. Nxd6 Qxd4 27. Rxd4 1-0

[Event "Petroupoli op 7th"]
[Site "Petroupoli"]
[Date "2011.12.03"]
[Round "7"]
[White "Alexiadis, Christos"]
[Black "Bellos, Vasilios"]
[Result "0-1"]
[WhiteElo "1643"]
[BlackElo "1469"]
[PlyCount "78"]
[EventDate "2011.11.12"]
[EventType "swiss"]
[EventRounds "7"]
[EventCountry "GRE"]
[SourceTitle "EXT 2013"]
[Source "ChessBase"]
[SourceDate "2012.11.22"]
[SourceVersion "1"]
[SourceVersionDate "2012.11.22"]
[SourceQuality "1"]

1. e4 c5 2. Nf3 Nc6 3. b3 d6 4. Bb2 Nf6 5. d3 e5 6. Nbd2 Be7 7. g3 Bg4 8. h3 Bh5 9. Bg2 Qd7 10. Nc4 Nd4 11. Bxd4 cxd4 12. a4 Qc6 13. g4 Bg6 14. Nh4 0-0 15. Nf5 Rae8 16. h4 d5 17. Nd2 Bb4 18. exd5 Qd7 19. Be4 Bxd2+ 20. Kxd2 Nxd5 21. h5 Qc7 22. Bxd5 Bxf5 23. gxf5 Qa5+ 24. b4 Qxd5 25. Qg4 e4 26. Rag1 e3+ 27. fxe3 dxe3+ 28. Ke2 Qe5 29. d4 Qf6 30. Rg2 Kh8 31. Rhg1 Rg8 32. Rg3 Qa6+ 33. b5 Qxa4 34. R3g2 Qxc2+ 35. Kf3 e2 36. h6 Qd3+ 37. Kf2 Qe3+ 38. Ke1 Qc1+ 39. Kf2 e1Q+ 0-1

[Event "Petroupoli op 7th"]
[Site "Petroupoli"]
[Date "2011.11.19"]
[Round "3"]
[White "Dimoudis, Konstantinos"]
[Black "Bellos, Vasilios"]
[Result "0-1"]
[WhiteElo "1005"]
[BlackElo "1469"]
[PlyCount "34"]
[EventDate "2011.11.12"]
[EventType "swiss"]
[EventRounds "7"]
[EventCountry "GRE"]
[SourceTitle "EXT 2013"]
[Source "ChessBase"]
[SourceDate "2012.11.22"]
[SourceVersion "1"]
[SourceVersionDate "2012.11.22"]
[SourceQuality "1"]

1. e4 d6 2. Nc3 g6 3. Nf3 Bg7 4. Bc4 Nf6 5. 0-0 0-0 6. d3 Nc6 7. Re1 e5 8. d4 exd4 9. Nxd4 Nxd4 10. Qxd4 Ng4 11. Qd1 Qh4 12. h3 Qxf2+ 13. Kh1 Qh4 14. Be3 Be5 15. Qd2 Qg3 16. Bg1 Be6 17. Ne2 Nf2+ 0-1